Numbers that will unsettle the e-sceptics (Record no. 67910)

MARC details
000 -LEADER
fixed length control field 01719cam a2200265 4500
001 - CONTROL NUMBER
control field ABS64276
008 - FIXED-LENGTH DATA ELEMENTS--GENERAL INFORMATION
fixed length control field 010806n2001 000 0 eng u
035 ## - SYSTEM CONTROL NUMBER
System control number (Sirsi) u113959
100 ## - MAIN ENTRY--PERSONAL NAME
Personal name Thompson, B.
245 ## - TITLE STATEMENT
Title Numbers that will unsettle the e-sceptics
260 ## - PUBLICATION, DISTRIBUTION, ETC.
Date of publication, distribution, etc. 2001
490 ## - SERIES STATEMENT
Series statement Estates Gazette
Volume/sequential designation (0129) 21 July 2001, 106-107(2)
520 ## - SUMMARY, ETC.
Summary, etc. Latest research, "Connectivity 2001" from King Sturge and H+H Marketing is based on a survey, in its fifth year, of 71 building occupiers. The survey aims to monitor internet usage, the demand for increased bandwidth and attempts to establish how attractive buildings that offer internet access are to potential occupiers. The findings show the index of connectivity - an indication of the speed at which net connections are made - increasing by over 600% over the last two years as the occupiers search for better access speeds. The demand for high speed connections within properties is outstripping supply. Despite rapid growth in average access speeds, the survey records the highest level of dissatisfaction yet: 67% are unhappy with access speeds and 58% will need to upgrade in the near future. The research suggests that there is a growing demand for landlords to offer high bandwidth connections as part of the building package and that any shortfall in provision will begin to have more of an effect on location and value.
590 ## - LOCAL NOTE (RLIN)
Local note ABS
650 ## - SUBJECT ADDED ENTRY--TOPICAL TERM
Topical term or geographic name entry element OCCUPIERS
650 ## - SUBJECT ADDED ENTRY--TOPICAL TERM
Topical term or geographic name entry element BANDWIDTH
650 ## - SUBJECT ADDED ENTRY--TOPICAL TERM
Topical term or geographic name entry element KING STURGE
650 ## - SUBJECT ADDED ENTRY--TOPICAL TERM
Topical term or geographic name entry element SUPPLY AND DEMAND
650 ## - SUBJECT ADDED ENTRY--TOPICAL TERM
Topical term or geographic name entry element ADSL
650 ## - SUBJECT ADDED ENTRY--TOPICAL TERM
Topical term or geographic name entry element INTERNET CONNECTION
650 ## - SUBJECT ADDED ENTRY--TOPICAL TERM
Topical term or geographic name entry element IT INFRASTRUCTURE
650 ## - SUBJECT ADDED ENTRY--TOPICAL TERM
Topical term or geographic name entry element PROPERTY-COMMERCIAL PROPERTY
690 ## - LOCAL SUBJECT ADDED ENTRY--TOPICAL TERM (OCLC, RLIN)
Topical term or geographic name as entry element INFORMATION TECHNOLOGY-INTERNET
942 ## - ADDED ENTRY ELEMENTS (KOHA)
Suppress in OPAC 0
Holdings
Withdrawn status Lost status Source of classification or shelving scheme Damaged status Not for loan Home library Current library Shelving location Date acquired Total Checkouts Full call number Barcode Date last seen Copy number Price effective from Koha item type
    Dewey Decimal Classification     London London Journal article 06/08/2001   ABS64276 113959-1001 06/08/2019 1 06/08/2019 Journal article